| 000 | 01209nam0a2200301 4500 | ||
|---|---|---|---|
| 001 | RU\NLR\bibl\1166503 | ||
| 005 | 20260405141545.0 | ||
| 021 |
_aRU _b2007-75696 _94071 |
||
| 035 | _a(NLR Aleph) 001153214 | ||
| 090 |
_a1490834 _c1490834 |
||
| 100 | _a20071212d2005 |||y0rusy50 ca | ||
| 101 | 0 | _arus | |
| 102 | _aRU | ||
| 105 | _aa ||||||||| | ||
| 200 | 1 |
_aРоссийская школа подготовки художников для текстильной и легкой промышленности. Становление и развитие _fН.П. Бесчастнов |
|
| 210 |
_aМосква _cМГТУ _d2005 |
||
| 215 |
_a126, [38] с. _cил., факс. _d21 |
||
| 320 | _aБиблиогр.: с. 121-126 (131 назв.) | ||
| 606 | 1 |
_aТекстильная промышленность _xКадры _xПодготовка _91830793 _3RU\NLR\auth\66827800 |
|
| 686 | _aЧ458.71 | ||
| 700 | 1 |
_4070 _7ca _8rus _aБесчастнов _bН. П. _f1951- _gНиколай Петрович _940534 _3RU\NLR\AUTH\7757602 |
|
| 801 | 0 |
_aRU _bNLR _c20071212 _gRCR |
|
| 801 | 1 |
_aRU _bNLR _c20071212 |
|
| 830 | _aАвт. по кн. | ||
| 942 | _cBOOK | ||
| 980 | _aNB | ||